Bibliografía sobre gerontología
Збережено в:
| Співавтор: | |
|---|---|
| Формат: | Текст |
| Опубліковано: |
San José:
OFIPLAN
|
| Теги: |
Додати тег
Немає тегів, Будьте першим, хто поставить тег для цього запису!
|
MARC
| LEADER | 00000 a a2200000 04500 | ||
|---|---|---|---|
| 001 | 20986 | ||
| 003 | |||
| 040 | |||
| 090 | |a 090300 | ||
| 110 | |a Costa Rica. Presidencia de la República. Oficina de Planificación Nacional y Política Económica | ||
| 245 | |a Bibliografía sobre gerontología | ||
| 260 | |a San José: |b OFIPLAN | ||
| 300 | |a 35 p. | ||
| 999 | |c 14487 |d 14487 | ||
